00655nam a2200157Ia 4500008004100000100002100041245008400062245011100146260005300257260000900310300001000319650001500329856006100344999001900405952007300424170221s9999 xx 000 0 und d aAlfis S. Gayazov aModern Teaching Tendencies of Critical Thinking Forming of University Students  cAlfis S. Gayazov, Gulnara F. Zamaletdinova, Artur F. Amirov, Andrey V. Kostryukov, Evgeniya I. Tikhomirova bInternational Review of Management and Marketing c2016 a6 : 2 xMarketing. uhttp://www.econjournals.com/index.php/irmm/issue/view/72 c308385d308385 001040aCLbCLd2017-02-21l0r2017-02-21 00:00:00w2017-02-21yFOJ